000 00598nam a22001937a 4500
003 DO-SdBNP
005 20240404094740.0
008 210825b 2020 dr 00| 0 eng d
020 _a9789945094435
040 _aDO-SdBNP
_bspa
_cBNPHU
100 1 _aCruz Sánchez, Filiberto
_913112
245 1 _aImpacto de las reformas borbónicas en hispanoamérica, siglo XVIII /
_cFeliberto Cruz Sánchez
260 _aSanto Domingo :
_bEl Nuevo Diario ;
_c2020.
300 _a48 p. ;
_c21 cm.
504 _aBibliografías : p. 47-48
590 _aInventariado, 2021/BT
910 _aBtavárez
942 _2ddc
_cLBS1
999 _c50281
_d50281